000 00365nam a22001457a 4500
005 20251007130510.0
008 250929b |||||||| |||| 00| 0 eng d
020 _a978-93-48189-01-1
041 _aeng
100 _aCHATURVEDI, PRAMILA
_98708
245 _aVISHW KE MAHAN VAIGYANIK
260 _aUTTAR PRADESH
_bAKSHAR PLANT
_c2024
300 _a85;P
942 _cBK
999 _c8857
_d8855